[Event "Lleida-ch U18"]
[Site "Balaguer"]
[Date "2014.02.22"]
[Round "5.4"]
[White "Font Moreno, Santi"]
[Black "Lopez Luna, Oscar"]
[Result "1-0"]
[WhiteElo "1904"]
[BlackElo "1700"]
[PlyCount "61"]
[EventDate "2014.01.25"]
[EventType "swiss"]
[EventRounds "6"]
[EventCountry "ESP"]
[SourceTitle "EXT 2024"]
[Source "ChessBase"]
[SourceDate "2023.10.10"]
[SourceVersion "1"]
[SourceVersionDate "2023.10.10"]
[SourceQuality "1"]

1. d4 d5 2. c4 e6 3. Nc3 Nf6 4. Nf3 h6 5. e3 c6 6. Bd3 Nbd7 7. 0-0 dxc4 8. Bxc4 Nb6 9. Bd3 Bd6 10. e4 Be7 11. Bf4 0-0 12. Qd2 c5 13. e5 Nfd5 14. Bxh6 cxd4 15. Nxd4 Bc5 16. Bg5 f6 17. exf6 Nxf6 18. Nf3 Bb4 19. Rad1 Nbd5 20. Rfe1 Qa5 21. Bxf6 Rxf6 22. Qc2 Nxc3 23. bxc3 Bxc3 24. Re4 Bd7 25. Rg4 Rc8 26. Bh7+ Kf8 27. Rxd7 Rf7 28. Rxf7+ Kxf7 29. Qg6+ Ke7 30. Qg5+ Bf6 31. Qxa5 1-0

[Event "Bellpuig op 2nd"]
[Site "Bellpuig"]
[Date "2012.03.03"]
[Round "8"]
[White "Quintas Galeano, Lluis"]
[Black "Font Moreno, Santi"]
[Result "1-0"]
[WhiteElo "2140"]
[BlackElo "1466"]
[PlyCount "65"]
[EventDate "2012.01.14"]
[EventType "swiss"]
[EventRounds "8"]
[EventCountry "ESP"]
[SourceTitle "EXT 2014"]
[Source "ChessBase"]
[SourceDate "2013.11.20"]
[SourceVersion "1"]
[SourceVersionDate "2013.11.20"]
[SourceQuality "1"]

1. e4 c5 2. d4 cxd4 3. Nf3 Nc6 4. c3 dxc3 5. Nxc3 e6 6. Bc4 Bb4 7. 0-0 Bxc3 8. bxc3 Qc7 9. Qe2 Ne5 10. Nxe5 Qxe5 11. f4 Qc7 12. Ba3 b5 13. Bxb5 Qxc3 14. Bb2 Qc5+ 15. Kh1 Nf6 16. a4 Qh5 17. Rf3 Bb7 18. Bxf6 gxf6 19. Bxd7+ Ke7 20. f5 Rad8 21. fxe6 fxe6 22. Bb5 Qe5 23. Re1 Rd4 24. Re3 h5 25. Qb2 Rg8 26. Bf1 Bc6 27. Qc1 Rxe4 28. Qxc6 Rxe3 29. Qb7+ Kf8 30. Qa8+ Ke7 31. Qxa7+ Kd6 32. Rd1+ Kc6 33. Bb5+ 1-0

[Event "Lleida-ch U16"]
[Site "Vilanova de Segria"]
[Date "2012.02.11"]
[Round "5.9"]
[White "Font Moreno, Santi"]
[Black "Cabiscol Filella, Ferran"]
[Result "1/2-1/2"]
[WhiteElo "1700"]
[BlackElo "1717"]
[PlyCount "81"]
[EventDate "2012.01.14"]
[EventType "swiss"]
[EventRounds "6"]
[EventCountry "ESP"]
[SourceTitle "EXT 2024"]
[Source "ChessBase"]
[SourceDate "2023.10.10"]
[SourceVersion "1"]
[SourceVersionDate "2023.10.10"]
[SourceQuality "1"]

1. e4 e5 2. Nf3 Nc6 3. Bc4 Nf6 4. Ng5 d5 5. exd5 Nxd5 6. d3 Bc5 7. 0-0 0-0 8. Nf3 h6 9. Re1 Bg4 10. h3 Bxf3 11. Qxf3 Nd4 12. Qd1 Qd6 13. c3 Nf5 14. Qf3 Nf4 15. Re4 Nh4 16. Qg3 Nhxg2 17. Bxf4 Nxf4 18. d4 Nxh3+ 19. Qxh3 exd4 20. Qd3 Rae8 21. cxd4 Rxe4 22. Qxe4 Bxd4 23. Qxb7 Qc5 24. Qe4 Bxf2+ 25. Kg2 Qe3 26. Qf3 Qxf3+ 27. Kxf3 Bd4 28. Nc3 Bxc3 29. bxc3 g5 30. Kg4 Kg7 31. Bd3 Rh8 32. Rh1 f6 33. a4 Re8 34. c4 Re3 35. Rd1 Re5 36. Rf1 Ra5 37. Bc2 Rc5 38. Bd3 Kf7 39. Rf5 Rc6 40. Rf1 Ra6 41. Bc2 1/2-1/2

[Event "Lleida-ch U16"]
[Site "Vilanova de Segria"]
[Date "2012.01.14"]
[Round "1.5"]
[White "Casas Torres, Pau"]
[Black "Font Moreno, Santi"]
[Result "1-0"]
[WhiteElo "1620"]
[BlackElo "1700"]
[PlyCount "23"]
[EventDate "2012.01.14"]
[EventType "swiss"]
[EventRounds "6"]
[EventCountry "ESP"]
[SourceTitle "EXT 2024"]
[Source "ChessBase"]
[SourceDate "2023.10.10"]
[SourceVersion "1"]
[SourceVersionDate "2023.10.10"]
[SourceQuality "1"]

1. e4 e5 2. Nf3 Nc6 3. Bb5 Bb4 4. 0-0 Nf6 5. Bxc6 bxc6 6. Nxe5 Nxe4 7. Re1 Nxd2 8. Nxc6+ Qe7 9. Nxe7 Bxe7 10. Bxd2 a5 11. Qe2 Ba6 12. Qxe7# 1-0

[Event "Bellpuig op 2nd"]
[Site "Bellpuig"]
[Date "2012.01.14"]
[Round "1"]
[White "Font Moreno, Santi"]
[Black "Monfa Sole, Ramon"]
[Result "0-1"]
[WhiteElo "1466"]
[BlackElo "2012"]
[PlyCount "70"]
[EventDate "2012.01.14"]
[EventType "swiss"]
[EventRounds "8"]
[EventCountry "ESP"]
[SourceTitle "EXT 2014"]
[Source "ChessBase"]
[SourceDate "2013.11.20"]
[SourceVersion "1"]
[SourceVersionDate "2013.11.20"]
[SourceQuality "1"]

1. d4 Na6 2. c4 c6 3. Nf3 d6 4. Nc3 Bg4 5. e3 e5 6. Be2 Be7 7. 0-0 Bxf3 8. Bxf3 Nf6 9. dxe5 dxe5 10. e4 0-0 11. Bg5 Nc5 12. Bxf6 Bxf6 13. Be2 Ne6 14. Qxd8 Rfxd8 15. Rfd1 Nd4 16. Kf1 Be7 17. a3 Nb3 18. Rxd8+ Rxd8 19. Rd1 Rxd1+ 20. Nxd1 Nd2+ 21. Ke1 Nxe4 22. Ne3 g6 23. Bg4 f5 24. Bd1 a5 25. Bc2 Ng5 26. Nd1 Bc5 27. Nc3 Ne6 28. Na4 Bd4 29. b4 axb4 30. axb4 b5 31. cxb5 cxb5 32. Bb3 Kf7 33. Nc5 Bxc5 34. bxc5 Ke7 35. c6 Nd4 0-1